[Event "Bahn-chG"]
[Site "Bad Wildungen"]
[Date "2000.09.30"]
[Round "7"]
[White "Wallhoefer, Ulrich"]
[Black "Schillings, Klaus"]
[Result "1-0"]
[WhiteElo "1694"]
[BlackElo "1583"]
[PlyCount "85"]
[EventDate "2000.09.24"]
[EventType "swiss"]
[EventRounds "7"]
[EventCountry "GER"]
[SourceTitle "EXT 2003"]
[Source "ChessBase"]
[SourceDate "2002.11.25"]
[SourceVersion "1"]
[SourceVersionDate "2002.11.25"]
[SourceQuality "1"]

1. c4 c5 2. Nc3 Nc6 3. e3 e6 4. Nf3 Nf6 5. b3 Be7 6. Rb1 a5 7. Qc2 0-0 8. Bd3 h6 9. 0-0 d5 10. cxd5 exd5 11. Be2 Be6 12. d4 cxd4 13. exd4 Rc8 14. Qd1 Ne4 15. Bd2 f5 16. g3 Bf6 17. Bf4 Ng5 18. Bxg5 Bxg5 19. Re1 Bf6 20. Bb5 Qd6 21. Qe2 Bd7 22. Rbd1 Rfe8 23. Qd3 Re6 24. Rxe6 Bxe6 25. Re1 Re8 26. Ne5 Re7 27. f4 Bc8 28. Nxd5 Re8 29. Nxf6+ gxf6 30. Bc4+ Kh7 31. Nf3 Rxe1+ 32. Nxe1 Qxd4+ 33. Qxd4 Nxd4 34. Kf2 b6 35. Ke3 Ne6 36. Nc2 Nc5 37. Kd4 Bb7 38. b4 Ne4 39. Be6 Nd6 40. Ne3 Be4 41. bxa5 bxa5 42. Kc5 h5 43. Kxd6 1-0

[Event "Gemuend op"]
[Site "Gemuend"]
[Date "1999.10.30"]
[Round "7"]
[White "Schillings, Klaus"]
[Black "Zanger, Konrad"]
[Result "0-1"]
[WhiteElo "1565"]
[BlackElo "1746"]
[PlyCount "60"]
[EventDate "1999.10.24"]
[EventType "swiss"]
[EventRounds "7"]
[EventCountry "GER"]
[SourceTitle "EXT 2003"]
[Source "ChessBase"]
[SourceDate "2002.11.25"]
[SourceVersion "1"]
[SourceVersionDate "2002.11.25"]
[SourceQuality "1"]

1. f4 e6 2. Nf3 Nf6 3. e3 d5 4. Be2 b6 5. d4 Be7 6. 0-0 0-0 7. c4 c5 8. Nc3 Bb7 9. cxd5 Nxd5 10. Nxd5 Bxd5 11. b3 Nd7 12. Bb2 Rc8 13. Rc1 Bf6 14. Qd2 g6 15. Rfd1 Bg7 16. dxc5 Nxc5 17. Bxg7 Kxg7 18. Qb2+ f6 19. Bc4 Qe7 20. Bxd5 exd5 21. Qd4 Rcd8 22. Re1 h6 23. b4 Ne6 24. Qb2 Rc8 25. a3 Rfe8 26. Rc3 Rc4 27. Rd1 Nc7 28. Qd2 Rxc3 29. Qxc3 Qxe3+ 30. Qxe3 Rxe3 0-1

[Event "Gemuend op"]
[Site "Gemuend"]
[Date "1999.10.28"]
[Round "6"]
[White "Schamuhn, Manfred"]
[Black "Schillings, Klaus"]
[Result "0-1"]
[WhiteElo "1498"]
[BlackElo "1565"]
[PlyCount "74"]
[EventDate "1999.10.24"]
[EventType "swiss"]
[EventRounds "7"]
[EventCountry "GER"]
[SourceTitle "EXT 2003"]
[Source "ChessBase"]
[SourceDate "2002.11.25"]
[SourceVersion "1"]
[SourceVersionDate "2002.11.25"]
[SourceQuality "1"]

1. d4 d5 2. c4 e6 3. Nc3 Nf6 4. e3 Be7 5. Nf3 0-0 6. Bd3 b6 7. cxd5 exd5 8. Ne5 Bb7 9. f4 c5 10. b3 cxd4 11. exd4 Nbd7 12. 0-0 Rc8 13. Bb2 Ne4 14. Nxe4 dxe4 15. Bc4 Nf6 16. Qe2 Bd5 17. f5 Re8 18. Bb5 Rf8 19. Rac1 Qd6 20. Rc3 Rxc3 21. Bxc3 Rc8 22. Bb2 h6 23. Ba4 Rc7 24. a3 a5 25. Bc1 Qd8 26. Qb5 Rc2 27. Nc4 Bxc4 28. bxc4 Qxd4+ 29. Kh1 Rxc4 30. Bb3 Rc8 31. Qe2 Qc3 32. Qd1 Rd8 33. Qc2 Qd3 34. Re1 Bc5 35. Qa2 Rd7 36. h3 Qg3 37. Bd1 Qxe1+ 0-1

[Event "Bahn-chG"]
[Site "Baiersbronn"]
[Date "1998.10.29"]
[Round "6"]
[White "Mossekel, Manfred"]
[Black "Schillings, Klaus"]
[Result "1/2-1/2"]
[WhiteElo "1754"]
[BlackElo "1555"]
[PlyCount "58"]
[EventDate "1998.10.25"]
[EventType "swiss"]
[EventRounds "7"]
[EventCountry "GER"]
[SourceTitle "EXT 2001"]
[Source "ChessBase"]
[SourceDate "2000.11.22"]
[SourceVersion "1"]
[SourceVersionDate "2000.11.22"]
[SourceQuality "1"]

1. d4 d5 2. e3 Nf6 3. f4 e6 4. Nf3 c5 5. c3 Nc6 6. Bd3 Be7 7. 0-0 0-0 8. Qe2 c4 9. Bc2 Ne8 10. Nbd2 f5 11. Ne5 Nf6 12. Ndf3 Ne4 13. Nxc6 bxc6 14. Ne5 Bd7 15. g4 Bd6 16. g5 Bxe5 17. dxe5 g6 18. Qe1 c5 19. Rb1 Rb8 20. Bd2 Bc6 21. Qe2 Qd7 22. Rfd1 Qc7 23. Be1 Rb7 24. Bxe4 fxe4 25. Qg4 Rf5 26. Rd2 Be8 27. Bg3 Qb8 28. Qe2 Rff7 29. Qg4 Rf5 1/2-1/2

[Event "Bahn-chG"]
[Site "Baiersbronn"]
[Date "1998.10.26"]
[Round "3"]
[White "Kelm, Ulf"]
[Black "Schillings, Klaus"]
[Result "0-1"]
[WhiteElo "1075"]
[BlackElo "1555"]
[PlyCount "60"]
[EventDate "1998.10.25"]
[EventType "swiss"]
[EventRounds "7"]
[EventCountry "GER"]
[SourceTitle "EXT 2001"]
[Source "ChessBase"]
[SourceDate "2000.11.22"]
[SourceVersion "1"]
[SourceVersionDate "2000.11.22"]
[SourceQuality "1"]

1. c4 c5 2. e4 Nc6 3. Nc3 Nf6 4. Nf3 e5 5. d3 d6 6. Be2 Be7 7. Be3 Nd4 8. h3 Bd7 9. a4 0-0 10. Nb5 a6 11. Nbxd4 cxd4 12. Bd2 b5 13. axb5 axb5 14. cxb5 Bxb5 15. 0-0 Qb6 16. b3 Rfc8 17. Rxa8 Rxa8 18. Qc2 Nd7 19. Re1 f6 20. Rc1 Bd8 21. Kf1 Qa6 22. Nh4 g6 23. Ke1 Qa3 24. g3 Nc5 25. Rb1 Qa2 26. Kd1 Qa6 27. Be1 Nxd3 28. Qd2 Rc8 29. Bxd3 Bxd3 30. Qb2 Rc2 0-1